| 000 | 00736nam a22002531 4500 | ||
|---|---|---|---|
| 001 | 20265 | ||
| 003 | CZ PrNK | ||
| 005 | 20260120123236.0 | ||
| 008 | 021102s1985 xo 000 | slo | ||
| 040 |
_aABA001 _bcze _cABA001 _dABA001 |
||
| 041 | 1 |
_aslo _hrus |
|
| 100 | 1 |
_aVasil'jeva, Jevgenija, _d1969- _4aut |
|
| 245 | 1 | 0 |
_aVčely / _cJevgenija Vasil'jeva, Josif Chalifman ; z rus. orig. Pčoly prel. Katarína Strelková |
| 250 | _a1. vyd. | ||
| 260 |
_aBratislava : _bObzor, _c1985 |
||
| 300 |
_a317 s. ; _c8° |
||
| 490 | 1 | _aPeriskop | |
| 500 | _aSpoluvyd. Mir, Moskva | ||
| 700 | 1 |
_aChalifman, Iosif Aronovič, _d1902-1988 _4aut |
|
| 765 | 0 | _tPčoly | |
| 830 | 0 | _aPeriskop (Obzor) | |
| 910 | _aABA001 | ||
| 942 |
_2ddc _cOLDO _n0 |
||
| 999 |
_c20265 _d20265 |
||